000 00194nam a22000977a 4500
245 _aXam Idea Mathematics 10th
250 _a2024
260 _bV.K. Publicatoin
300 _a424
942 _2ddc
_cSB
999 _c9082
_d9082